| 000 | 00638nam a2200181Ia 4500 | ||
|---|---|---|---|
| 005 | 20250508151900.0 | ||
| 008 | 008 250505s9999 xx 000 0 eng d | ||
| 037 | _aBooks to be hide in OPAC | ||
| 040 |
_aFEDL _beng _cFEDL |
||
| 041 |
_aeng _2eng |
||
| 084 |
_a375.095 416, ASS/O _qFEDL |
||
| 245 | 0 | _aCurriculum for primary, middle schools, middle madrasssas, middle englsih and high madrassas, sanskrit middle schools and high englsih schools for boys and girls in | |
| 245 | 0 | _cEducation Department, Assam | |
| 260 | _c1952 | ||
| 300 | _a25p. | ||
| 942 |
_cHB _h375.095 416, ASS/O |
||
| 999 |
_c1332693 _d1332693 |
||